000
00255nam a22001217a 4500
020
_a
0-7214-1661-6
082
_a
823
_b
HAR/A
100
_a
HARDING, JACQUELINE
245
_a
ABOUT THE FARM
260
_a
UK
650
_a
ENGLISH SHORT STORY
_v
UK
942
_c
BK
999
_c
4686
_d
4686